| 000 | 00445nam a2200169 a 4500 | ||
|---|---|---|---|
| 001 | 0000-9340 | ||
| 003 | ELIB.Books | ||
| 008 | 110520 0000 | ||
| 035 | _a(ELIB.Books)0000-9492 | ||
| 082 |
_a248 _bPoo |
||
| 100 | _aPoole, Arnold B. | ||
| 245 | _aWhen Your Faith Goes to Work | ||
| 260 |
_bFlorida: The Pine Shores Presbyterian Church _c0 |
||
| 650 | _aChristian Life | ||
| 942 |
_2ddc _cBK |
||
| 998 |
_cbat _e2011-05-20 |
||
| 999 |
_c9340 _d9340 |
||